000 01073njm a22002657a 4500
005 20100917103258.0
007 sd ammalaaahaa
008 100917t xxu||||| |||| 00| 0 hin d
028 _aN. 14406
_bHis Master's Voice
035 _aGR-00030
040 _aSED/VEN
100 _aM. S. Subbulakshmi
_920433
245 _aMeera /
_cby M. S. Subbulakshmi
_h[sound recording] :
246 _aमीरा (एम.एस. सुब्बुलक्ष्मी)
260 _aDum Dum, India
_bHis Master's Voice
_cn. d.
300 _a1 sound disc [Gramophone record] :
_banalog, 33 1/3 rpm
_c10 in. (LP)
_fGramophone record
500 _aBrief records.
500 _aHis Master's Voice
500 _aMerjenta
505 _aPart 1 Morae tho giridhara (Meera) (M. S. Subbulakshmi) मोरे तो गिरिधर , Part 2 Chakara rakho (Meera) चाकर राखो
650 _aClassical Music
_vBhajan
_xExcerpts
_zIndia
_920434
700 _920435
942 _2ddc
_cGR
999 _c46395
_d46395